[Event "American Continental-ch 2018"]
[Site "Montevideo"]
[Date "2018.06.04"]
[Round "5"]
[White "Cervantes Landeiro, Thalia"]
[Black "Pierrot, Facundo"]
[Result "0-1"]
[WhiteElo "2087"]
[BlackElo "2392"]
[Annotator "TA"]
[PlyCount "80"]
[EventDate "2018.??.??"]
[EventType "swiss"]
[EventCountry "URU"]
[SourceTitle "playchess.com"]
[Source "ChessBase"]
[SourceQuality "1"]

{[%evp 15,80,-10,-1,-4,-6,-9,-9,-28,-15,-36,-18,-42,-24,-14,-13,-15,0,-37,-37,-25,-27,-64,-60,-62,-56,-62,-45,-45,-54,-43,-45,-59,-48,-92,-70,-67,-68,-116,-115,-118,-118,-112,-100,-140,-144,-142,-146,-181,-175,-208,-215,-213,-213,-324,-316,-847,-843,-838,-842,-1134,-1134,-12824,-12823,-12807,-6724,-5822,-5818]} 1. d4 Nf6 2. c4 e6 3. Nc3 Bb4 4. e3 O-O 5. Bd3 d5 6. cxd5 exd5 7. Nge2 Re8 8. O-O Bd6 9. Bd2 {E48: Nimzo-Indian: Rubinstein: 5 Bd3 d5 including 6 Ne2, but excluding 6 a3} Nbd7 10. Rc1 a6 11. Nf4 {The position is equal.} (11. Ng3 Nf8 12. Nf5 Bxf5 13. Bxf5 c6 14. f3 Ne6 15. Be1 c5 16. Kh1 cxd4 17. exd4 {½-½ (52) Navara,D (2739)-Kryvoruchko,Y (2714) Chartres 2017}) 11... c6 12. h3 Nf8 13. Qf3 Ng6 14. Nxg6 hxg6 15. Rfe1 $146 ({Predecessor:} 15. Rce1 Bc7 16. g4 Ne4 {½-½ (40) Sorm,D (2312)-Delorme,A (2501) Barcelona 2014}) 15... Bc7 (15... Be6 {looks sharper.} 16. g4 Nh7 17. e4 dxe4 18. Bxe4 Ng5) 16. e4 (16. g4 {seems wilder.} Be6 17. Qg2 Nh7 18. Na4 Bc8 19. Nc3) 16... dxe4 17. Nxe4 Nxe4 18. Rxe4 Rxe4 19. Qxe4 Bf5 20. Qe3 Be6 21. Bc4 Bxc4 22. Rxc4 Qd7 $36 {[%mdl 2048] Black fights for an advantage.} 23. Rc1 Re8 24. Qc3 Re4 (24... Qd6 {keeps more tension.} 25. g3 Qd7 26. Qb3 Re2 27. Qd3 Re5) 25. Be3 Qd6 {And now ...Qh2+ would win.} 26. g3 {[#]} Qe6 $1 {[%cal Re6h3]} 27. Kg2 Qxa2 28. b3 Qe2 29. Re1 Qb5 30. Qc4 Qf5 31. Qe2 Bb6 32. Qd2 Qd5 33. f3 Re6 34. b4 (34. Qc3 $142) 34... a5 $19 {[%cal Ba6a5,Ba5a4][%mdl 32]} 35. Bf2 $2 (35. Rd1) 35... Rxe1 {Black is clearly winning.} 36. Qxe1 a4 37. Qe8+ Kh7 38. Qa8 Qa2 {[#] ( -> ...Bxd4)} 39. Kg1 Qb1+ 40. Kg2 Qb2 {Precision: White = 41%, Black = 84%.} 0-1

[Event "American Continental-ch 2018"]
[Site "Montevideo"]
[Date "2018.06.04"]
[Round "5"]
[White "Sauvageot Ledezma, Diego"]
[Black "Salinas Herrera, Pablo"]
[Result "0-1"]
[WhiteElo "2084"]
[BlackElo "2463"]
[Annotator "TA"]
[PlyCount "100"]
[EventDate "2018.??.??"]
[EventType "swiss"]
[EventCountry "URU"]
[SourceTitle "playchess.com"]
[Source "ChessBase"]
[SourceQuality "1"]

{[%evp 26,100,-29,-41,-27,-49,-16,-11,-34,-21,27,-2,51,-24,0,-79,-81,-79,-77,-120,-97,-124,-89,-126,0,-134,-99,-177,-153,-198,-162,-256,-177,-295,-180,-233,-239,-308,-297,-309,-282,-348,-341,-331,-334,-519,-491,-671,-643,-743,-735,-727,-723,-857,-794,-1131,-1104,-1098,-1104,-1372,-878,-1462,-1031,-1512,-1471,-1659,-1626,-1994,-1908,-2063,-2085,-2950,-2797,-2565,-2415,-29981,-29983]} 1. d4 d5 2. c4 Nf6 3. Nc3 e6 4. Nf3 a6 5. e3 dxc4 6. Bxc4 b5 7. Bb3 Bb7 8. O-O Nbd7 9. Qe2 c5 10. Rd1 Qb8 11. e4 cxd4 12. Nxd4 Bd6 13. h3 O-O {D29: Angenommenes Damengambit (Hauptvariante 7.De2 nebst Sbd7)} 14. a3 {LiveBook: 5 Partien} Rc8 15. Bg5 {[#]} Rxc3 $146 {[%mdl 512] Schwarz steht etwas besser.} ({Vorgänger:} 15... h6 16. Bxf6 Nxf6 17. Rd3 Bh2+ 18. Kh1 Be5 19. Rad1 Kh8 20. Kg1 Qa7 21. Qe3 {½-½ (51) Almeida Quintana,O (2538)-Macieja,B (2616) Merida 2011}) 16. bxc3 Nxe4 17. Bd2 Ndf6 18. Be1 $1 Nc5 ({Günstiger ist} 18... g6 $11) 19. Bc2 (19. c4 $14) 19... Bd5 20. Rab1 (20. a4 $11 {hält das Gleichgewicht.}) 20... Qc7 $17 {[%mdl 1024] Schwarz hat starke Kompensation.} 21. Bd2 Rc8 22. Rb4 Ncd7 23. Bd3 Nb6 24. Bg5 Nbd7 25. Bd2 $1 Qa7 26. Be3 (26. Nc2 $17) 26... Qa8 $19 27. Qf1 Rxc3 28. Rc1 (28. Rbb1 $142) 28... Rxa3 29. Nc2 (29. Rbb1 $142) 29... Rc3 30. Rh4 (30. Rbb1 $142) 30... Rc8 31. Ne1 Rxc1 32. Bxc1 Ne5 33. Bb2 Ng6 34. Bxg6 hxg6 ({Jedoch nicht} 34... fxg6 35. Qe2 $19) 35. Qd3 (35. Nf3 $142) 35... g5 36. Bxf6 {Beabsichtigt Dh7+ und Matt.} gxh4 ({Nicht} 36... gxf6 37. Rh6 $17) 37. Bxh4 Qc6 38. Bg3 Bf8 39. Kh2 b4 {[%cal Bb5b4,Bb4b3][%mdl 32]} 40. Qd4 b3 41. Nd3 a5 {[%cal Ba6a5,Ba5a4][%mdl 32]} 42. Qa7 Qa8 43. Qd7 Bc6 44. Qc7 a4 45. Be5 Bxg2 46. Nf4 Be4 47. Qc3 Qc6 48. Qg3 Qc1 {[%csl Ge4][%cal Rc1h1]} 49. f3 {[#]} Bg6 $1 50. Nxg6 Qc2+ {Precision: Weiß = 34%, Schwarz = 61%.} 0-1

[Event "American Continental-ch 2018"]
[Site "Montevideo"]
[Date "2018.06.04"]
[Round "5"]
[White "Sauvageot Ledezma, Diego"]
[Black "Salinas Herrera, Pablo"]
[Result "*"]
[WhiteElo "2084"]
[BlackElo "2463"]
[Annotator "TA"]
[PlyCount "45"]
[EventDate "2018.??.??"]
[EventType "swiss"]
[EventCountry "URU"]
[SourceTitle "playchess.com"]
[Source "ChessBase"]
[SourceQuality "1"]

{[%evp 19,20,-26,-28]} 1. d4 d5 2. c4 Nf6 3. Nc3 e6 4. Nf3 a6 5. e3 dxc4 6. Bxc4 b5 7. Bb3 Bb7 8. O-O Nbd7 9. Qe2 c5 10. Rd1 Qb8 {Vorgänger:} 11. d5 $146 exd5 12. Nxd5 Nxd5 13. Bxd5 Bxd5 14. Rxd5 Be7 15. e4 Qb7 16. Bg5 f6 17. Bf4 O-O 18. Rad1 Nb6 19. R5d2 Rad8 20. Rxd8 Rxd8 21. Rxd8+ Bxd8 22. e5 Qc6 23. Kf1 {½-½ (23) Postny,E (2618)-Nielsen,P (2681) Khanty-Mansiysk 2011} *

[Event "American Continental-ch 2018"]
[Site "Montevideo"]
[Date "2018.06.04"]
[Round "5"]
[White "Andrade, Roberto Luiz Costa"]
[Black "Soto Vega, Jorge"]
[Result "0-1"]
[WhiteElo "2060"]
[BlackElo "2357"]
[Annotator "TA"]
[PlyCount "70"]
[EventDate "2018.??.??"]
[EventType "swiss"]
[EventCountry "URU"]
[SourceTitle "playchess.com"]
[Source "ChessBase"]
[SourceQuality "1"]

{[%evp 13,70,35,81,79,110,54,39,27,45,50,112,64,100,67,100,90,93,108,86,78,88,91,83,65,76,20,36,16,21,-23,0,-87,36,0,55,29,50,55,55,17,56,0,0,-354,-346,-306,-112,-316,-284,-412,-416,-415,-401,-395,-231,-352,-333,-376,-375]} 1. e4 e5 2. Nf3 d6 3. d4 Nf6 4. Nc3 Nbd7 5. g4 (5. Bc4 Be7 6. O-O O-O 7. Re1 c6 8. a4 a5 9. b3 exd4 10. Nxd4 Ne5 11. Bf1 Re8 12. Ba3 Qb6 13. Qd2 Bd7 14. Rad1 Rad8 15. f3 h6 16. Qf2 Bf8 17. Nde2 Qc7 18. h3 b5 19. axb5 cxb5 {0-1 (53) Zhou,W (2603)-Yu,Y (2760) China 2018}) 5... Nxg4 6. Rg1 {C41: Philidor Defence} exd4 7. Nxd4 Nge5 {LiveBook: 3 Games} 8. Bg5 {White is better.} Nf6 9. Bxf6 (9. Qe2 $16) 9... gxf6 $14 10. Qh5 c6 11. O-O-O {[%mdl 1024] White has compensation.} a6 $146 (11... Ng6 $14) ({Predecessor:} 11... Qc7 12. Qh4 Be7 {1-0 (28) Hnydiuk,A (2387)-Bebel,A (2187) Polanica Zdroj 2008}) 12. Kb1 Qc7 13. Be2 Bd7 14. f4 Ng6 15. Bc4 O-O-O 16. Bxf7 Nxf4 17. Qh4 d5 18. exd5 Bd6 19. Qxf6 (19. dxc6 $16 Bxc6 20. Nxc6 (20. Qxf6 Be5 $16) 20... bxc6 21. Qxf6) 19... cxd5 20. Bxd5 Kb8 21. Bb3 Be5 22. Qh4 {[#]} (22. Qh6 $11 {remains equal.}) 22... Ng6 ({Black should play} 22... h5 $1 $17 {aiming for ...Bg4.} 23. h3 Nxh3) 23. Qh5 Bxh2 (23... Nf4 $11 24. Qf3 h5) 24. Rh1 {Hoping for Nd5.} Be5 {With the idea ...Nf4.} 25. Nd5 Qc5 26. Nf3 Bd6 27. Nf6 (27. Ng5 $14 Nf4 28. Qf3) 27... Bc6 $36 {[%mdl 2048] Black is more active.} 28. Bd5 $2 {[%mdl 8192]} (28. Qxc5 $11 {and White is okay.} Bxc5 29. Bd5) 28... Nf4 $19 29. Qg5 {[#] Ne4 is the strong threat.} h6 $2 (29... Nxd5 $19 {is more deadly.} 30. Rxd5 Bxd5 31. Qxd5 Rhf8 32. Qxc5 Bxc5) 30. Rxh6 $2 (30. Bxc6 $17 Qxc6 31. Qg4) 30... Rxh6 31. Ne4 (31. Qxh6 $142 Nxd5 32. Nd4) 31... Qa5 32. Qxh6 Bxd5 33. Nc3 Bc7 ({Not} 33... Bxf3 34. Rxd6 Ng2 35. a3 $19) (33... Be5 $142 34. Nxd5 Nxd5) 34. Nd4 (34. a3 {is a better defense.}) 34... Bg2 35. Nc6+ Bxc6 {Precision: White = 33%, Black = 28%.} 0-1

[Event "American Continental-ch 2018"]
[Site "Montevideo"]
[Date "2018.06.04"]
[Round "5"]
[White "Mariani, Daniel Brandao"]
[Black "Lujan, Carolina"]
[Result "1-0"]
[WhiteElo "2055"]
[BlackElo "2341"]
[Annotator "TA"]
[PlyCount "91"]
[EventDate "2018.??.??"]
[EventType "swiss"]
[EventCountry "URU"]
[SourceTitle "playchess.com"]
[Source "ChessBase"]
[SourceQuality "1"]

{[%evp 20,91,20,8,45,44,27,37,91,113,158,145,146,143,230,122,152,84,262,246,249,269,271,36,514,500,514,513,512,512,506,495,472,493,883,883,883,873,861,859,1053,606,883,883,858,847,846,839,806,795,1093,1015,2747,2542,2308,2202,1820,1335,29967,29968,29960,1963,12801,0,7654,5933,5916,2642,7054,7026,29963,29961,6087,4863]} 1. c4 Nf6 2. Nc3 d5 3. cxd5 Nxd5 4. g3 g6 5. Bg2 Nxc3 6. bxc3 Bg7 7. Nf3 O-O 8. O-O c5 9. Rb1 Nc6 10. Qa4 Qc7 11. Qh4 {LiveBook: 7 Partien} Ne5 {A34: Englische Eröffnung (Symmetrische Variante)} 12. d4 Nxf3+ $146 ({Vorgänger:} 12... Nc4 13. Bh6 Nd6 14. Bxg7 Kxg7 15. e4 Rb8 16. Rfe1 c4 17. g4 b5 18. e5 Ne8 19. Re3 {1-0 (32) Shoker,S (2489)-Kigigha,B (2344) Kampala 2016}) 13. Bxf3 Qa5 (13... Rb8 $14) 14. Qxe7 $16 Bh3 15. Rd1 ({Minderwertig wäre} 15. Qxb7 Bxf1 16. Kxf1 cxd4 $11) 15... cxd4 16. cxd4 Rae8 (16... Rad8 $16) 17. Qh4 (17. Qa3 $18 Qf5 18. Rxb7) 17... Qxa2 18. Rxb7 (18. Bh6 $142 Bxh6 19. Qxh3 (19. Qxh6 Bf5 $16)) 18... Rxe2 $2 (18... Qa4 $16 19. e4 Bc8) 19. Qxh3 $18 Rxf2 20. g4 Re8 {[#] Schwarz will ...Lxd4 spielen.} 21. Rxa7 $2 ({Weiss kommt nicht vorbei an} 21. Rd7 $1 $18) 21... Qc2 $2 {[%mdl 8192] [#]} (21... Rxf3 $1 $14 22. Rxa2 Rxh3) 22. Rxf7 $1 {[%mdl 512]} Kxf7 23. Bd5+ Ke7 {[#]} 24. Qa3+ $1 Kd7 25. Qa7+ Kd6 {[#]} 26. Qc5+ $1 {[%mdl 512]} Kd7 (26... Qxc5 $142 27. dxc5+ Kxc5) 27. Bc6+ Kc8 28. Bxe8+ Qxc5 29. dxc5 Rc2 30. Be3 Re2 31. Bd7+ Kc7 32. Bf4+ Be5 33. Bxe5+ Rxe5 {[%mdl 4096] Endspiel KTL-KT} 34. c6 h5 35. h3 h4 36. Kf2 Rc5 37. Rd3 Rc2+ 38. Kf3 Rh2 39. Kf4 Rg2 40. Ke4 (40. Be8 $142 Rf2+ 41. Kg5 Rf8 42. Bxg6 Kxc6 43. Kxh4 Rg8 44. Kg5 Rb8 45. h4) 40... Rg1 41. Kf4 Rg2 $1 42. Rc3 Rg1 43. Rf3 Kd6 44. Kg5 Rg3 45. Rf6+ Ke7 46. Re6+ {Precision: Weiß = 40%, Schwarz = 24%.} 1-0

[Event "American Continental-ch 2018"]
[Site "Montevideo"]
[Date "2018.06.04"]
[Round "5"]
[White "Garmendia Vega, Gabriel"]
[Black "Colas, Joshua"]
[Result "0-1"]
[WhiteElo "2029"]
[BlackElo "2285"]
[Annotator "TA"]
[PlyCount "88"]
[EventDate "2018.??.??"]
[EventType "swiss"]
[EventCountry "URU"]
[SourceTitle "playchess.com"]
[Source "ChessBase"]
[SourceQuality "1"]

{[%evp 17,88,42,45,48,50,40,49,32,41,48,42,37,29,-79,-74,-76,-52,-93,-91,-116,-126,-117,-70,-66,-83,-118,-24,-92,-83,-259,-282,-267,-255,-435,-347,-412,-410,-397,-447,-450,-436,-438,-452,-445,-442,-467,-447,-529,-535,-606,-595,-956,-953,-772,-678,-692,-737,-1637,-1466,-29991,-29992,-29992,-6057,-5810,-5728,-1556,-648,-591,-595,-635,-605,-597,-595]} 1. e4 c5 2. Nf3 e6 3. d4 cxd4 4. Nxd4 a6 5. Bd3 Nf6 6. O-O Qc7 7. Qe2 d6 8. f4 Nc6 {B42: Sizilianisch (Paulsen-Variante)} 9. Nxc6 bxc6 {LiveBook: 8 Partien} 10. Nd2 d5 $146 {Weiß steht etwas besser.} ({Vorgänger:} 10... e5 11. b3 Be7 12. Bb2 Be6 13. Kh1 a5 14. fxe5 dxe5 15. Bc4 Bxc4 16. Nxc4 Nd7 17. Qh5 O-O 18. Nxe5 Nxe5 19. Bxe5 Qc8 20. Bxg7 {1-0 (20) Wei,Y (2607)-Galego,L (2465) Caleta 2014}) 11. c4 Bc5+ 12. Kh1 O-O 13. e5 Nd7 $1 14. Nf3 {Und weiter mit Lxh7+! wäre nett.} g6 15. f5 (15. g4 $11 {bleibt in der Remisbreite.}) 15... exf5 $17 16. Bf4 Nb6 17. Ng5 {Droht e6.} Qe7 18. Rae1 dxc4 19. Bxc4 Nxc4 20. Qxc4 a5 {Weiss muss nun ...La6 beachten.} 21. Rf3 Ba6 (21... Bb4 $17 22. Rc1 h6) 22. Qc1 {[#]} (22. Qc2 $1 $11 {hält das Gleichgewicht.}) 22... Bb4 $1 $36 {[%cal Rb4e1][%mdl 2048] Weiss steht unter starkem Druck.} 23. Nxh7 $2 (23. Rg1 $17 {war erzwungen.}) 23... Kxh7 $19 24. Rh3+ Kg8 25. Bg5 $2 {[#]} (25. Bg3 {war nötig.} f4 26. Qxf4) 25... f6 $1 {[%cal Rf6g5]} 26. Bxf6 Rxf6 27. Qh6 {Beabsichtigt Dh8+ und Matt.} Qg7 28. Qxg7+ Kxg7 29. exf6+ Kxf6 30. Rc1 Bb5 31. a3 Bd2 32. Rd1 Re8 33. Kg1 Re2 34. Rh8 Be3+ 35. Kh1 Rxb2 36. h4 Bc5 37. Rdd8 Bf1 38. h5 Bxg2+ 39. Kh2 gxh5 (39... f4 $142 40. Rb8 Re2 41. Rhf8+ Kg5 42. Rbe8 Be4+ 43. Kh3 Bxf8 44. Rxe4 Rxe4 45. h6 Bxh6 46. a4 Rxa4 47. Kg2 Kg4 48. Kf1 Ra2 49. Kg1 Kg3 50. Kf1 f3 51. Kg1 Ra1#) 40. Kg3 {Schwarz steht klar auf Gewinn.} Bd5 41. Rxh5 Bf2+ 42. Kf4 Ke7 43. Ra8 Be1 44. Kxf5 Rf2+ {Precision: Weiß = 28%, Schwarz = 66%.} 0-1

[Event "American Continental-ch 2018"]
[Site "Montevideo"]
[Date "2018.06.05"]
[Round "6"]
[White "Mareco, Sandro"]
[Black "Rodriguez Vila, Andres"]
[Result "1/2-1/2"]
[WhiteElo "2643"]
[BlackElo "2483"]
[Annotator "TA"]
[PlyCount "51"]
[EventDate "2018.??.??"]
[EventType "swiss"]
[EventCountry "URU"]
[SourceTitle "playchess.com"]
[Source "ChessBase"]
[SourceQuality "1"]

{[%evp 11,51,25,33,8,41,37,45,39,42,33,40,17,30,6,33,23,31,29,47,27,38,29,40,4,2,2,111,112,112,110,146,25,16,20,107,-6,-11,-4,0,0,0,0]} 1. d4 d6 2. Nf3 g6 3. g3 Bg7 4. Bg2 Nf6 5. O-O c6 (5... O-O 6. Re1 Nbd7 7. e4 e5 8. Nc3 Re8 9. h3 b6 10. a4 a6 11. d5 a5 12. Nd2 Re7 13. Nc4 Nc5 14. Bg5 h6 15. Be3 Ba6 16. Na3 Nh7 17. Qd2 {1-0 (37) Aronian,L (2797)-Rapport,R (2700) Caleta 2018}) 6. c4 {A49: 1 d4 Nf6 2 Nf3 g6 3 g3: Anti-King's Indian systems} Bf5 {LiveBook: 10 Games} 7. Ne1 $146 ({Predecessor:} 7. Nc3 Ne4 8. Nxe4 Bxe4 9. b3 O-O 10. Bb2 a5 11. e3 a4 12. Qe2 Qa5 13. Rfc1 Nd7 14. Bf1 Bxf3 15. Qxf3 e5 16. Qd1 f5 17. Bc3 Qc7 18. bxa4 {½-½ (36) Gagunashvili,M (2540)-Krasenkow,M (2663) Mainz 2005}) 7... Qd7 8. Nc3 {White is slightly better.} Bh3 9. e4 Bxg2 10. Kxg2 e5 11. Nc2 O-O 12. f3 exd4 13. Nxd4 Na6 14. Bg5 h6 15. Be3 $36 {[%mdl 2048] Black is under pressure.} Rfe8 16. Qd2 d5 {[%cal Rd5e4]} 17. cxd5 (17. Bxh6 {is more complex.} dxe4 18. Bxg7 e3 19. Qe2 Kxg7 20. Rad1) 17... cxd5 18. Bxh6 Bxh6 (18... dxe4 $11 {keeps the balance.} 19. Rad1 Nc5) 19. Qxh6 $16 {[#] Strongly threatening Nf5!} dxe4 20. Rad1 exf3+ 21. Nxf3 (21. Rxf3 $16 Ng4 22. Qf4) 21... Qc6 $11 {Threatens to win with ...Ng4.} 22. Rd4 {Hoping for Rh4.} Rad8 (22... Re5 $1 $11) 23. Kg1 (23. Rh4 $16 {[%csl Gh4][%cal Rh6h8]} Nh5 24. Kg1 Qc5+ 25. Rf2) 23... Rxd4 {The position is equal.} 24. Nxd4 Qc4 25. Qf4 Ne4 26. Ndb5 {Precision: White = 40%, Black = 62%.} 1/2-1/2

[Event "American Continental-ch 2018"]
[Site "Montevideo"]
[Date "2018.06.05"]
[Round "6"]
[White "Flores, Diego"]
[Black "Shankland, Samuel"]
[Result "0-1"]
[WhiteElo "2614"]
[BlackElo "2717"]
[Annotator "TA"]
[PlyCount "64"]
[EventDate "2018.??.??"]
[EventType "swiss"]
[EventCountry "URU"]
[SourceTitle "playchess.com"]
[Source "ChessBase"]
[SourceQuality "1"]

{[%evp 26,64,0,0,0,0,0,0,0,0,0,0,0,0,0,0,0,0,94,91,87,85,97,-298,-18,-65,1364,-138,-145,-139,-125,-288,-258,-283,-283,-288,-289,-273,-277,-5082,-3195]} 1. c4 e6 2. d4 Nf6 3. Nc3 Bb4 4. e3 O-O 5. Bd3 d5 6. Nf3 dxc4 7. Bxc4 c5 8. O-O cxd4 9. exd4 b6 10. Bg5 Bb7 11. Rc1 Nc6 12. a3 Be7 13. Ba2 Rc8 14. Re1 {LiveBook: 10 Games} h6 {E54: Nimzo-Indian: Rubinstein: Main Line: 7...dxc4 8 Bxc4} 15. Bh4 (15. Bf4 Bd6 16. Ne5 Bb8 17. Nxf7 Rxf7 18. Bxb8 Rxb8 19. Bxe6 Nxd4 20. Bxf7+ Kxf7 21. Qa4 Qd6 22. Qc4+ Kf8 23. Rcd1 Qc6 24. Qxc6 Nxc6 25. Nd5 {½-½ (25) Haugen,A (2482)-Karachurin,S (2483) ICCF email 2013}) 15... Nh5 16. Bg3 $146 ({Predecessor:} 16. Bxe7 Nxe7 17. Ne5 Nf4 18. Qg4 Ned5 19. Nxd5 Nxd5 20. Rxc8 Qxc8 {½-½ (53) Baumegger,S (2159)-Egoshin,G (2175) ICCF email 2010}) 16... Nxg3 {The position is equal.} 17. hxg3 Bf6 {[%cal Rc6d4]} 18. d5 exd5 19. Nxd5 Bxb2 20. Rc2 {[%cal Bc1c2,Bc2d2,Bd2d7][%mdl 32]} Bxa3 21. Rd2 $1 Bc5 (21... Ba8 $11 {keeps the balance.}) 22. Nc3 $1 $16 {[%mdl 1024] White has strong compensation.} Qc7 {...Rcd8 is the strong threat.} 23. Rd7 Qb8 {Strongly threatening ...Rcd8.} 24. Ng5 $2 {[%mdl 8192]} (24. Ne4 $1 $16) 24... Nd8 $2 ({Weaker is} 24... hxg5 25. Qh5 $11) (24... Ne5 $1 $19 {[%cal Re5d7]} 25. Rxb7 Qxb7 26. Rxe5 hxg5) 25. Nge4 Rc7 $2 {[%mdl 8192] [#]} (25... Qe5 $15 26. Nd5 Bxd5 27. Nxc5 Qf6 28. Bxd5 Rxc5) 26. Qg4 $2 ({Inferior is} 26. Nxc5 Rxc5 27. Nd5 Bxd5 $15) (26. Nf6+ $1 $18 {[%mdl 512]} gxf6 27. Qg4+ Kh8 28. Qf4 Rxd7 29. Qxh6+ Kg8 30. Qg6+ Kh8 31. Qxf6+ Kg8 32. Qg5+ Kh8 33. Qh5+ Kg8 34. Qg5+ Kh7 35. Qh5+ Kg8 36. Qg5+) 26... Rxd7 $17 27. Nf6+ Kh8 28. Qf5 $2 (28. Nxd7 $17 Bc8 29. Nxb8 Bxg4 30. Na6) 28... g6 ({But not} 28... gxf6 $2 29. Bb1 $18) 29. Qh3 {[%cal Rh3h6] [#]} Bxf2+ $1 30. Kxf2 {[%cal Rh3h6]} Rd2+ 31. Ke3 {[%cal Rh3h6]} Qe5+ 32. Nce4 $2 (32. Kxd2 Qxf6 33. Qxh6+ Kg8 {[#]} 34. Rf1 $1 {[%mdl 512]}) 32... Qd4+ {Precision: White = 38%, Black = 37%.} 0-1

[Event "American Continental-ch 2018"]
[Site "Montevideo"]
[Date "2018.06.05"]
[Round "6"]
[White "Delgado Ramirez, Neuris"]
[Black "Cori, Jorge"]
[Result "1/2-1/2"]
[WhiteElo "2613"]
[BlackElo "2659"]
[Annotator "TA"]
[PlyCount "174"]
[EventDate "2018.??.??"]
[EventType "swiss"]
[EventCountry "URU"]
[SourceTitle "playchess.com"]
[Source "ChessBase"]
[SourceQuality "1"]

{[%evp 13,174,16,18,28,33,29,48,25,35,35,33,33,37,39,33,33,29,14,14,12,12,13,31,31,33,35,41,35,43,43,43,46,50,46,46,54,58,52,64,55,64,53,50,44,49,36,131,37,37,41,87,58,64,67,67,61,62,59,86,81,75,75,83,70,93,76,81,72,73,69,74,68,75,48,75,67,83,83,83,83,83,75,83,83,83,83,83,83,83,83,83,83,83,83,83,0,83,83,83,83,83,83,83,83,315,287,287,268,303,76,76,80,85,68,68,68,68,68,68,68,68,68,68,68,68,0,68,68,68,0,0,0,0,0,0,0,0,0,0,0,0,0,0,0,0,0,0,0,0,0,0,0,0,0,0,0,0,0,0,0,0,0,0]} 1. e4 e6 2. d4 d5 3. exd5 exd5 4. Nf3 Nf6 5. Bd3 Bd6 6. Qe2+ Qe7 7. Qxe7+ Kxe7 8. O-O {C01: French: Exchange Variation} h6 (8... Nc6 9. Re1+ Kf8 10. c3 Bg4 11. Nh4 Ne7 12. g3 Re8 13. Nd2 g6 14. Ndf3 Kg7 15. Ne5 Be6 {½-½ (30) Kovalev,V (2636)-Duda,J (2706) Heraklio 2017}) 9. Re1+ Be6 10. Nh4 $146 {White is slightly better.} ({Predecessor:} 10. Ne5 c5 11. c3 cxd4 12. cxd4 Nc6 13. Nxc6+ bxc6 14. f4 Kd8 15. Bd2 Rb8 {0-1 (73) Merkuriev,V (1980)-Kuryshev,A (2031) Novosibirsk 2010}) 10... Kd8 11. Nf5 Bxf5 12. Bxf5 Nc6 13. c3 Re8 14. Rxe8+ Kxe8 15. Be3 Ne7 16. Bh3 Ne4 17. g3 Kf8 (17... Ng5 {seems wilder.} 18. Bg2 c6 19. h4 Ne6 20. Nd2 f5) 18. Nd2 Nxd2 19. Bxd2 Rd8 20. Bf1 Nc8 21. Bd3 Nb6 22. b3 c5 23. dxc5 Bxc5 24. Rd1 Be7 25. Be2 Bf6 26. Be1 Rc8 27. Rd3 d4 {[%cal Rd4c3]} 28. cxd4 Rc1 29. Rd1 Rc2 (29... Rxd1 $14 30. Bxd1 Bxd4) 30. Rd2 (30. Bf3 $16) 30... Rc1 $14 31. Kf1 Nc8 32. Rd1 (32. Rd3 {is interesting.} Nd6 33. a4 Nf5 34. d5 Nd4 35. Rd1) 32... Rxd1 33. Bxd1 Bxd4 {[%mdl 4096] Endgame KBB-KBN} 34. Ke2 Nd6 35. Kd3 Bc5 36. b4 Bb6 37. a4 a6 38. Bb3 f6 39. f3 Bg1 40. h3 {[%cal Bh2h3,Bh3h4][%mdl 32]} Ke7 41. Bd5 Kd7 42. g4 Bh2 43. Bd2 g5 44. Be1 Be5 45. h4 b5 46. a5 Kc7 47. Bf2 Kd7 48. h5 Kc7 49. Be6 Kd8 50. Bc5 Ke8 51. Kc2 Kd8 52. Kb3 Bg3 53. Kc3 Be5+ 54. Kd3 Ke8 $1 55. Bb6 Ke7 56. Bd5 Kd7 57. Ba8 Ke6 58. Bc6 f5 $2 (58... Ke7 $16 59. Kc2 Nc4) 59. Bc5 fxg4 60. fxg4 Bg3 {[#]} 61. Kc3 $2 (61. Bd4 $1 $18 {and the rest is easy.}) 61... Be1+ $16 62. Kb3 {Bd4 is the strong threat.} Ke5 63. Bxd6+ Kxd6 {KB-KB} 64. Bb7 Kc7 65. Bxa6 Kc6 66. Bc8 Kc7 67. Bf5 Kb7 68. Be4+ Ka6 69. Bf5 (69. Bb1 $14) 69... Bd2 (69... Kb7 $1 $11) 70. Bc8+ Ka7 71. a6 ({White should play} 71. Bd7 $14) 71... Kb6 $11 {The position is equal.} 72. Kc2 Bxb4 73. Kd3 Bf8 74. Ke4 b4 $1 75. Kf5 b3 {[#] And now ...b2 would win.} 76. Kg6 b2 77. Bf5 {aiming for Bd3.} Kxa6 78. Kf7 Bb4 79. Kg7 Kb6 80. Kxh6 Bd2 81. Kg7 Kc5 82. h6 Kd6 83. Kf6 Be3 84. Bb1 Bd2 85. Bf5 Be3 86. h7 Bd4+ 87. Kxg5 Ke7 {Precision: White = 64%, Black = 59%.} 1/2-1/2